000 00982cab a2200205 4500
001 ABS39391
008 090401t1988 xxu||||| |||| 00| 0 eng d
035 _a(Sirsi) u16331
041 _aeng
100 _aBurke-Gaffney, M.
245 _aRestrictive Trade Practices policy
260 _c1988
350 _a0
490 _aEstates Gazette
_v(8822) 4 June 1988, 26-28(2)
520 _aExamines the recent green paper , Review of Restrictive Trade Practices policy, Cm 331 . Compares the present system with the green paper`s proposals, which concentrate on providing for the prohibition of all agreements with anti-competitive effects or purposes and aligning, as far as possible, new UK domestic law of competition with the competition law of the European Community . Comments on the recent case involving the RICS .
650 _aRESTRICTIVE TRADE PRACTICES ACT 1976
690 _aMANAGEMENT-BUSINESS MANAGEMENT-PROFESSIONAL PRACTICE
942 _n0
948 _c04/03/1997
999 _c10739
_d10739